000 00518nam a2200169 a 4500
001 000032729
005 20200930065811.0
008 100222s1885 dr 001 0 spa d
040 _aDO-SdBNP
_bspa
_cBNPHU
082 _axxxx
_bR426l
110 1 _aRepública Dominicana
_9447
240 1 3 _a[Leyes etc.]
245 1 0 _aLey general de estudios :
_bdada por el Congreso Nacional el 29 de agosto de 1884.
260 _aSanto Domingo :
_bImprenta "Cuna de América",
_c1885.
300 _a16 p. : ;
_c22 cm.
049 _aBNPD
999 _c32220
_d32220